Los secretos del Qi Gong

Guardat en:
Dades bibliogràfiques
Autor principal: Clark, Angus (Autor)
Format: Llibre
Idioma:espanyol
Publicat: Colonia Taschen 2003
Edició:1a. ed
Col·lecció:Los Secretos de
Matèries:
Etiquetes: Afegir etiqueta
Sense etiquetes, Sigues el primer a etiquetar aquest registre!

MARC

LEADER 00000cam a2200000 a 4500
001 UCG9950
003 CL-VaPUC
008 120420e20030000GW |||||||||||||||||spa|d
020 |a 3822824976 
082 0 4 |a 613.7148  |b CLA  |2 21 
100 0 |a Clark, Angus  |e author  |9 561726 
245 1 4 |a Los secretos del Qi Gong 
250 |a 1a. ed 
300 |a 224 p 
942 |c BK 
945 |d 20120420 00:00:00  |a cmena 
260 |a Colonia  |b Taschen  |c 2003 
650 0 |a Artes marciales   |9 311835 
650 0 |a Aptitud física   |9 373835 
650 0 |a Ejercicios físicos  |9 307296 
650 0 |a Salud mental  |9 308393 
650 7 |a QIGONG  |2 CL-VaPUC  |9 496363 
583 |a last modification  |c 20120420 11:58:00  |k Rodrigo Vera 
490 0 |a Los Secretos de 
999 |c 347476  |d 347474 
952 |0 0  |1 0  |4 0  |6 613_714800000000000_CLA_2003  |7 0  |8 A  |9 448847  |a BIBING  |b BIBING  |d 2019-11-22  |i 4860136  |o 613.7148 CLA 2003  |p 4860136  |r 2025-01-20  |w 2019-11-22  |y BK  |k CUI